Distribution and Concentration of Power in CSFR after 1992 Parliamentary Election Výskumná štúdia
Salvato in:
| Autore principale: | |
|---|---|
| Natura: | Libro |
| Lingua: | inglese |
| Pubblicazione: |
Bratislava
Ekonomická univerzita v Bratislave
1992
|
| Edizione: | 1. vyd. |
| Soggetti: | |
| Tags: |
Nessun Tag, puoi essere il primo ad aggiungerne!!
|
MARC
| LEADER | 00000nam a2200000 4500 | ||
|---|---|---|---|
| 001 | c002417 | ||
| 005 | 20221214085501.4 | ||
| 041 | 0 | |a eng | |
| 044 | |a SK | ||
| 245 | 1 | 0 | |a Distribution and Concentration of Power in CSFR after 1992 Parliamentary Election |b Výskumná štúdia |c František Turnovec a kol. |
| 250 | |a 1. vyd. | ||
| 264 | 1 | |a Bratislava |b Ekonomická univerzita v Bratislave |c 1992 | |
| 300 | |a 47 s. | ||
| 610 | 2 | 0 | |a voľby |
| 610 | 2 | 0 | |a parlamenty |
| 610 | 2 | 0 | |a ČSFR |
| 610 | 2 | 0 | |a Česko |
| 610 | 2 | 0 | |a Slovensko |
| 610 | 2 | 0 | |a 1992 |
| 610 | 2 | 0 | |a strany politické |
| 610 | 2 | 0 | |a vláda |
| 610 | 2 | 0 | |a údaje štatistické |
| 610 | 2 | 0 | |a metódy matematicko-štatistické |
| 610 | 2 | 0 | |a simulácia |
| 610 | 2 | 0 | |a indexy |
| 610 | 2 | 0 | |a moc štátna |
| 100 | 1 | |a Turnovec, František | |